Statistics for one tree hill charcter names

Click here to take the quiz!

General Stats

  • This quiz has been taken 515 times
  • The average score is 15 of 18

Answer Stats

HintAnswer% Correct
Chad Michael MurrayLucas Scott
100%
Sophia BushBrooke Davis
99%
James laffertyNathan Scott
99%
Hilarie BurtonPeyton Sawyer
99%
Bethany Joy GaleottiHaley James Scott
98%
Lee NorrisMouth McFadden
95%
Antwon TannerAntwon "Skills" Taylor
93%
Moria KellyKaren Roe
89%
Paul JohanssonDan Scott
88%
Barry CorbinBrain "Whitey" Durham
80%
Austin NicholsJulian Baker
80%
Barbara Alyn WoodsDeb Scott
79%
Tyler HiltonChris Keller
71%
Shantel VanSantenQuinn James
70%
Jackson BrundageJames Lucas Scott
60%
Lisa GoldsteinMillicent Huxtable
57%
Robert BuckleyClay Evans
54%
Stephen CollettiChase Adams
47%

Score Distribution

Percentile by Number Answered

Percent of People with Each Score

Your Score History

You have not taken this quiz